000 01212nam a2200241 a 4500
001 000007021
005 20200929154038.0
008 090904s2004 dr abd 001 0 spa d
020 _a9993495948
040 _aDO-SdBNP
_bspa
_cBNPHU
082 _axxx
_bP418
245 0 0 _aPensamiento lingüístico sobre el Caribe insular hispánico /
_cSergio Valdés Bernal Selección y intruducción ; presentación Mario Bonetti.
260 _aSanto Domingo :
_bAcademia de Ciencias de la República Dominicana,
_c2004.
300 _a612 p. :
_bil., map., gráf. ;
_c23 cm.
490 1 _aPublicaciones de la Academia de Ciencias de la República Dominicana.
500 _aIncluye datos biográficos del autor en la solapa
500 _aEsta obra reúne el quehacer investigativo de una serie de estudiosos, respecto de las variantes dominicana, puertoriqueña y cubana del español americano.
500 _aIncluye notas al pie de las páginas
504 _aBibliografía: p. 33-39, 108-110, 158-161, 358-361, 178-183, 378- 383, 392-393, 492-504
590 _aInventariado, 2019 / DG
700 1 _aValdés Bernal, Sergio
_911424
830 0 _aPublicaciones de la Academia de Ciencias de la República Dominicana.
_919512
999 _c6805
_d6805